How to Pray for Spiritual Growth (Record no. 119785)
[ view plain ]
| 000 -LEADER | |
|---|---|
| fixed length control field | 00481nam a22001337a 4500 |
| 008 - FIXED-LENGTH DATA ELEMENTS--GENERAL INFORMATION | |
| fixed length control field | 140130b xxu||||| |||| 00| 0 eng d |
| 050 ## - LIBRARY OF CONGRESS CALL NUMBER | |
| Classification number | BX2350.2.D575 |
| 100 ## - MAIN ENTRY--PERSONAL NAME | |
| Personal name | Dobson E. Theodore |
| 9 (RLIN) | 7371 |
| 245 ## - TITLE STATEMENT | |
| Title | How to Pray for Spiritual Growth |
| Remainder of title | A practical handbook of inner healing |
| Statement of responsibility, etc | Theodore E. Dobson |
| 260 ## - PUBLICATION, DISTRIBUTION, ETC. (IMPRINT) | |
| Place of publication, distribution, etc | New York |
| Name of publisher, distributor, etc | Paulist Press |
| Date of publication, distribution, etc | 1982 |
| 300 ## - PHYSICAL DESCRIPTION | |
| Extent | vi, 216p. ; |
| Dimensions | 21cm. |
| 650 ## - SUBJECT ADDED ENTRY--TOPICAL TERM | |
| Topical term or geographic name as entry element | Spiritual life-Catholic church |
| General subdivision | people |
| -- | spiritual healing |
| 9 (RLIN) | 7372 |
| 942 ## - ADDED ENTRY ELEMENTS (KOHA) | |
| Source of classification or shelving scheme | Library of Congress Classification |
| Item type | Monograph ( Printed materials) |
| Withdrawn status | Lost status | Source of classification or shelving scheme | Damaged status | Not for loan | Home library | Current library | Date acquired | Total Checkouts | Full call number | Barcode | Date last seen | Price effective from | Koha item type |
|---|---|---|---|---|---|---|---|---|---|---|---|---|---|
| Library of Congress Classification | ARRUPE LIBRARY | ARRUPE LIBRARY | 30/01/2014 | BX2350.2.D575 | 46412072 | 22/11/2017 | 30/01/2014 | Monograph ( Printed materials) |